header

The constitution of capital (Record no. 74021)

MARC details
000 -LEADER
fixed length control field 01936nam a22003614a 4500
082 04 - DEWEY DECIMAL CLASSIFICATION NUMBER
Classification number 335.4/1
245 14 - TITLE STATEMENT
Title The constitution of capital
260 ## - PUBLICATION, DISTRIBUTION, ETC. (IMPRINT)
Place of publication Houndmills, Balsingstoke, Hampshire ;
-- New York :
Name of publisher Palgrave,
Year of publication 2004.
300 ## - PHYSICAL DESCRIPTION
Number of Pages ix, 315 p.
500 ## - GENERAL NOTE
General note Revised versions of contributions first presented at the 12th International Symposium on Marxian Theory (ISMT) held at the University of Bergamo in July 2002.
General note "Intended as a companion to: The circulation of capital: essays on volume II of Marx's 'Capital', edited by Christopher Arthur & Geert Reuten, Macmillan 1998, and The culmination of capital: essays on volume III of Marx's 'Capital', edited by Martha Campbell & Geert Reuten, Palgrave-Macmillan 2002"--P. vii.
650 #0 - SUBJECT ADDED ENTRY--TOPICAL TERM
Topical Term Capital
Topical Term Marxian economics
700 1# - ADDED ENTRY--PERSONAL NAME
Personal name Bellofiore, R.
Personal name Taylor, Nicola,
856 40 - ELECTRONIC LOCATION AND ACCESS
Uniform Resource Identifier http://site.ebrary.com/lib/rucke/Doc?id=10076939

No items available.

© 2026 Rongo University
Contact us: librarian | system librarian | Rongo university